[Event "EU-chT (Men) 15th"]
[Site "Gothenburg"]
[Date "2005.08.03"]
[Round "5.1"]
[White "Johannessen, Leif Erlend"]
[Black "Baburin, Alexander"]
[Result "1-0"]
[WhiteElo "2543"]
[BlackElo "2523"]
[Annotator "Postny,E"]
[PlyCount "61"]
[EventDate "2005.07.30"]
[EventType "team-swiss"]
[EventRounds "9"]
[EventCountry "SWE"]
[SourceTitle "CBM 109"]
[Source "ChessBase"]
[SourceDate "2005.11.14"]
[SourceVersion "1"]
[SourceVersionDate "2005.11.14"]
[SourceQuality "1"]
[WhiteTeam "Norway"]
[BlackTeam "Ireland"]
[WhiteTeamCountry "NOR"]
[BlackTeamCountry "IRL"]

1. c4 e6 2. Nc3 d5 3. d4 Nf6 4. Nf3 Nbd7 5. Bg5 c6 6. e3 Qa5 7. cxd5 {In this
line White frequently sacrifices a pawn for the initiative.} ({The solid
alternative is} 7. Nd2) 7... Nxd5 8. Qd2 N7b6 ({A more popular line goes with} 
8... Bb4 9. Rc1) 9. Bd3 {This is the most principled continuation, which leads
to a pawn sacrifice.} ({The exchange of queens after} 9. Nxd5 {leads to equal
position.}) (9. Rc1 {appeared in practice as well.}) 9... Nxc3 10. bxc3 Nd5 ({
Another way to attack the Pc3 is} 10... Na4 {, but after} 11. O-O Qxc3 12. Qe2
{the knight on a4 is somewhat misplaced.}) 11. O-O (11. Rc1 Nxc3 $1 12. O-O Bb4
13. a3 Qxa3 14. Ra1 Qb3 15. Bc2 Qd5 16. e4 Nxe4 17. Qxb4 Nxg5 18. Ne5 a5 19.
Qa3 f6 20. Bg6+ hxg6 21. Nxg6 Nf3+ 22. Qxf3 Qxf3 23. gxf3 Rh5 $19 {0-1
Alekhine,A-Euwe,M/World Championship 1935 (45)}) 11... Qxc3 12. Qe2 $44 {
White is a pawn down, but his compensation is quite obvious thanks to the
advantage in development and the mobile pawns in the centre. On the other hand,
Black's position is lack of clear weaknesses.} h6 (12... Be7 13. Bxe7 Nxe7 14.
Ne5 Ng6 15. Bxg6 hxg6 16. Qf3 O-O 17. h4 Qa5 18. h5 gxh5 19. Rac1 g6 20. g4
hxg4 21. Qxg4 Kg7 22. Kg2 Qd5+ 23. f3 Bd7 24. Rh1 Rh8 25. Qf4 f6 26. Ng4 Raf8
27. Rxh8 g5 28. Rh7+ Kxh7 29. Qh2+ Kg8 30. Qh6 $18 {1-0 Polugaevsky,L-Seirawan,
Y/Biel 1985 (42)}) (12... Bd6 13. Nd2 Qa5 14. Nc4 Qc7 15. Qh5 Be7 16. f4 Nf6
17. Bxf6 Bxf6 18. Rac1 Qe7 19. Rb1 g6 20. Qa5 O-O 21. Nb6 Qd8 22. Qa4 axb6 23.
Qxa8 Bxd4 24. exd4 Qxd4+ 25. Kh1 Qxd3 26. Rbd1 Qc4 27. Qb8 e5 28. Qxe5 Qxa2 $11
{1/2-1/2 Vaganian,R-Torre,E/Biel 1985 (51)}) 13. Bh4 Be7 (13... Ba3 14. Ne5 Be7
15. Bg3 Qa5 16. e4 Nf6 17. Rad1 O-O 18. Bb1 Rd8 19. Qc2 Nd7 20. Nc4 Qh5 21. d5
exd5 22. exd5 Nf8 23. Rde1 Bf6 24. dxc6 bxc6 25. Be5 Bxe5 26. Rxe5 {1/2-1/2
Lalic,B-Candela Perez,J/Dos Hermanas 2004}) 14. Bg3 $146 (14. Bxe7 Nxe7 15. Ne5
Qa5 16. Rac1 O-O 17. Qh5 f6 18. Rc5 Qa3 19. Ng6 Nxg6 20. Qxg6 f5 21. Bc4 $36 {
1/2-1/2 Perdomo,L-De Dovitiis,A/Buenos Aires 2002 (31)}) 14... O-O 15. Rac1 Qa5
16. Ne5 Qd8 $6 {The black queen was doing nothing on a5, but this move is a
waste of an important tempo.} (16... Nf6 {can be recommended with the idea
Nf6-d7 kicking away White's centralized knight.}) 17. Bb1 $1 {[%cal Ge2c2,
Ge2d3,Gc2h7]} f5 {This move is practically forced to block the diagonal b1-h7.}
18. Ng6 Re8 19. e4 $1 {Correctly opening up the centre.} Nf6 $6 (19... f4 20.
exd5 (20. Nxf4 Nxf4 21. Bxf4 Qxd4) 20... fxg3 21. dxc6 gxh2+ 22. Kh1 bxc6 23.
Qe4 $40 {[%csl Rg8]}) ({Stronger would have been} 19... fxe4 20. Qxe4 Nf6 {
, but White keeps a strong initiative anyway.}) 20. Bh4 $1 fxe4 21. Bxe4 Qxd4
$6 {This capture opens the d-file for White's favour. On the other hand, it's
very hard to point out any reasonable improvement for Black.} (21... Bd7 22.
Bb1 $40 {[%cal Ge2c2,Ge2d3]}) 22. Nxe7+ Rxe7 23. Rfd1 Qb6 (23... Qxe4 24. Qxe4
Nxe4 25. Bxe7 $18 {[%csl Ra8,Rc8][%cal Gd1d8]}) 24. Bxf6 gxf6 25. Rc3 $1 Rg7
26. Rcd3 {As simple as strong. Black just has not enough forces to protect his
vulnerable king, since his queenside pieces are still dreaming...} f5 {[%tqu
"En","Please enter a move for white.","","","e4f5","About this sacrifice white
should not think twice. The following invasion of white's heavy pieces is
decisive.",10]} 27. Bxf5 $1 {[%mdl 128] About this sacrifice White should not
think twice. The following invasion of White's heavy pieces is decisive.} exf5
28. Qe8+ Kh7 29. Rd8 Qc7 $2 {The last mistake in a lost position. The
manoeuvres of Black's queen were rather unsuccessful in this game.} ({Black
could still put up some resistance after} 29... Be6 $1 30. Rxa8 Bd5 31. Qh8+
Kg6) 30. Qh8+ Kg6 31. R1d6+ {[%csl Rg6,Rh6]} 1-0

[Event "EU-chT (Men) 15th"]
[Site "Gothenburg"]
[Date "2005.08.03"]
[Round "5.1"]
[White "Van Wely, Loek"]
[Black "Bacrot, Etienne"]
[Result "1/2-1/2"]
[WhiteElo "2655"]
[BlackElo "2729"]
[Annotator "Postny,E"]
[PlyCount "81"]
[EventDate "2005.07.30"]
[EventType "team-swiss"]
[EventRounds "9"]
[EventCountry "SWE"]
[SourceTitle "CBM 109"]
[Source "ChessBase"]
[SourceDate "2005.11.14"]
[SourceVersion "1"]
[SourceVersionDate "2005.11.14"]
[SourceQuality "1"]
[WhiteTeam "Netherlands"]
[BlackTeam "France"]
[WhiteTeamCountry "NED"]
[BlackTeamCountry "FRA"]

1. d4 d5 2. c4 c6 3. Nc3 Nf6 4. Nf3 e6 5. Bg5 Nbd7 6. e3 Qa5 7. Nd2 (7. cxd5
Nxd5 8. Qd2 {is a bit more aggressive line for white.}) 7... Bb4 8. Qc2 O-O 9.
Be2 c5 ({Another main continuation is} 9... e5) 10. Nb3 (10. O-O cxd4 11. Nb3 (
11. exd4 dxc4 12. Bxf6 (12. Bh4 Nb6 13. Nxc4 Nxc4 14. Bxc4 Bd7 15. Bxf6 gxf6
16. d5 Bxc3 17. dxe6 Bxe6 18. Bxe6 fxe6 19. bxc3 Rac8 {1/2-1/2 Kramnik,
V-Ivanchuk,V/Luzern 1993}) 12... Nxf6 13. Nxc4 Qc7 {- Halkias,S-Luther,T/
Fuerth 2002/CBM 91 [Tsesarsky]}) 11... Qb6 12. Na4 (12. exd4 dxc4 13. Bxc4 Qc7
14. Nb5 Qc6 15. a3 Be7 16. Qe2 {- see the annotated game Rahman,Z-Prakash,G/
Guntur 2000/CBM 77 [Tsesarsky]}) 12... Qc7 13. Nxd4 dxc4 14. Rac1 a6 15. Bxc4
Qa5 16. Bh4 Bd6 17. Be2 Nb6 18. Nxb6 Qxb6 19. Rfd1 Be7 20. Bf3 $16 {1-0 Farago,
I-Pap,G/Budapest 2005 (25)}) 10... Qa4 (10... Qc7 11. O-O cxd4 12. Nb5 Qb8 13.
N5xd4 dxc4 14. Bxc4 Bd6 15. f4 h6 16. Bh4 a6 17. Rac1 b5 18. Bd3 Bb7 19. Na5
Rc8 20. Qe2 Bc5 $11 {1/2-1/2 Sasikiran,K-Gurevich,M/Bastia 2003 (72)}) 11. Bxf6
{White exchanges the bishop in order to be able to capture the Pc5.} Nxf6 12.
dxc5 (12. O-O Bxc3 13. Qxc3 cxd4 14. Nxd4 Bd7 15. cxd5 Nxd5 16. Qb3 Qxb3 17.
Nxb3 Rac8 $11 {1/2-1/2 Aseev,K-Oll,L/Moscow 1995 (82)}) 12... dxc4 13. Bxc4 Qc6
14. O-O (14. O-O-O Bxc5 15. Bb5 Qc7 16. g4 Nxg4 17. Bd3 Be7 18. Bxh7+ Kh8 19.
Rhg1 f5 20. Bg6 Bd7 21. Bh5 Nh6 22. Kb1 $13 {1/2-1/2 Rahman,Z-Goloshchapov,A/
Dhaka 2002 (52)}) 14... Bxc5 15. Nxc5 (15. Be2 Bd6 16. Rfd1 Bd7 17. h3 Be5 18.
Rac1 Rac8 19. Bb5 Qxb5 {1/2-1/2 Lobron,E-Ivanchuk,V/Munich 1994}) 15... Qxc5 {
The position is very symmetrical. White's chances for an opening advantage are
about to evaporate.} 16. Ne4 Nxe4 17. Qxe4 Qb6 18. Rad1 $5 $146 {At a price of
a pawn Van Wely is trying to prevent Black's smooth development by Bd7.} (18.
Bd3 g6 19. Qe5 Bd7 20. h4 Rac8 21. Rad1 {1/2-1/2 Poluljahov,A-Smagin,S/Tivat
1995}) 18... Qxb2 19. Rd4 Qa3 20. Rfd1 Qe7 {All white's pieces are extremely
active, but black's position is out of weaknesses. Therefore, white must try
to create a weakness in the opponent camp, otherwise black's extra pawn will
tell...} 21. h4 Qf6 22. h5 Rb8 {Preparing b7-b6 or b7-b5 followed by Bc8-b7.}
23. h6 $1 g6 $1 (23... Qxh6 $2 24. Qe5 Ra8 25. Rd8 $18) 24. Bb3 b5 {[%cal
Gc8b7]} 25. Rd8 $1 {[%mdl 64] Very neat tactical strike, which however, does
not yield white more than equality.} Rxd8 26. Rxd8+ Qxd8 27. Qe5 {[%cal Ge5b8,
Ge5g7]} f6 28. Qxb8 Qd7 $8 {All is protected. Now Black is threatening to play
29...Kf7 followed by g6-g6 and Kf7-g6 capturing the Ph6. Therefore, White's
next few moves are practically forced.} 29. g4 Kf7 30. f4 Ke7 ({A bit more
accurate would have been} 30... Qb7 31. Qd6 Qe7) 31. g5 fxg5 32. fxg5 {The
dark squares in black's camp are vulnerable, but White has not enough
resources to take advantage of it. Moreover, White has to be careful, as his
king is unsafe.} a5 33. Qe5 Qc6 34. Kf2 (34. Qg7+ $2 Kd6 35. Qxh7 Bb7 $19 {
[%csl Gb7,Gc6,Rg1]}) 34... a4 (34... Bb7 $2 35. Qf6+ Kd7 36. Qf7+ {[%csl Re6]})
35. Bd1 Bb7 36. Be2 Qg2+ 37. Ke1 Qh1+ 38. Kf2 ({White's last winning attempt
was} 38. Kd2 Qd5+ 39. Qxd5 Bxd5 40. Bxb5 Bxa2 (40... a3 $2 41. Bd3 {[%cal
Gd3g6]} Kf7 42. Bb1 {[%csl Ra3][%cal Gd2c3,Gc3b4,Gb4a3]}) 41. Bxa4 Bb1 {
,but the endgame is drawish anyway.}) 38... Qh4+ 39. Kf1 Qh1+ 40. Kf2 Qh4+ 41.
Kf1 1/2-1/2

[Event "FRA-chT Top 12"]
[Site "Drancy"]
[Date "2016.06.03"]
[Round "7.1"]
[White "Istratescu, Andrei"]
[Black "Duda, Jan Krzysztof"]
[Result "0-1"]
[WhiteElo "2592"]
[BlackElo "2666"]
[Annotator "RR"]
[PlyCount "125"]
[EventDate "2016.05.28"]
[EventType "team-tourn"]
[EventRounds "11"]
[EventCountry "FRA"]
[SourceTitle "CBM 172 Extra"]
[Source "ChessBase"]
[SourceDate "2016.06.21"]
[SourceVersion "1"]
[SourceVersionDate "2016.06.21"]
[SourceQuality "1"]
[WhiteTeam "Mulhouse Philidor"]
[BlackTeam "Bois Colombes"]
[WhiteTeamCountry "FRA"]
[BlackTeamCountry "FRA"]
[TimeControl "40/5400+30:1800+30"]

1. d4 {[%emt 0:00:00][%mdl 512] Prix de beauté de la ronde 7} d5 {[%emt 0:00:
00]} 2. c4 {[%emt 0:00:00]} c6 {[%emt 0:00:00]} 3. Nf3 {[%emt 0:00:09]} Nf6 {
[%emt 0:00:00]} 4. Nc3 {[%emt 0:00:10]} e6 {[%emt 0:00:11]} 5. Bg5 {[%emt 0:06:
08]} Nbd7 {[%emt 0:00:29]} 6. cxd5 {[%emt 0:01:35]} exd5 {[%emt 0:00:06]} 7. e3
{[%emt 0:00:04]} Qa5 {[%emt 0:00:19]} 8. Bd3 {[%emt 0:07:09]} Ne4 {[%emt 0:00:
54]} 9. O-O $5 {[%emt 0:01:18]} (9. Qc2) 9... Nxg5 {[%emt 0:00:59]} (9... Nxc3
{L'acceptation du gambit est risquée} 10. bxc3 Qxc3 11. e4 {[%csl Re8]} dxe4
12. Re1 f5 13. Re3 $40 {[%cal Ge3e8,Ge3c3]}) 10. Nxg5 {[%emt 0:04:08]} Qd8 {
[%emt 0:01:56]} (10... Nf6 11. Qc2 h6 12. Nf3 Bd6 13. Rae1 O-O 14. Ne5 Bxe5 15.
dxe5 Nd7 16. f4 Nc5 17. Bh7+ Kh8 18. a3 g6 19. Bxg6 fxg6 20. Qxg6 Bf5 21. Qxh6+
Bh7 22. f5 Qc7 23. e6 Qe5 24. g4 Rg8 25. h3 Raf8 26. Kh1 Ne4 27. Nxe4 Qxe4+ 28.
Kh2 Rxf5 29. Rxf5 Qc2+ 30. Kh1 Qe4+ 31. Kh2 Qc2+ 32. Kh1 Qe4+ {1/2-1/2 (32)
Wagner,D (2583)-Bu,X (2724) Moscow 2016}) (10... Be7 11. f4 {Lautier,J (2638)
-Anic,D (2467) FRA-ch Prelim Gr-A 1999 (2) 1/2}) 11. f4 {[%emt 0:06:09]} Nf6 {
[%emt 0:10:27]} 12. Qc2 {[%emt 0:15:33]} (12. e4 h6 13. Nxf7 $5 (13. Nf3) 13...
Kxf7 14. e5 g6 15. f5 $44 {Stupak,K (2567)-Wang,C (2500) Kolkata GM op 2nd
2015 (8) 1/2}) 12... g6 {[%emt 0:02:48]} 13. Rfe1 $146 {[%emt 0:21:31]} (13.
Rae1 Bg7 14. Nf3 (14. e4) 14... O-O 15. f5 Ne8 16. Ne2 Nd6 17. Ng3 Qe7 18. Kh1
a5 19. e4 dxe4 20. Bxe4 Qd8 21. Bd3 a4 22. Ne5 Ra5 23. fxg6 hxg6 24. Bxg6 fxg6
25. Rxf8+ Kxf8 26. Rf1+ Kg8 27. Qxg6 Qe7 28. Ne4 Rxe5 29. dxe5 Nxe4 30. Qxe4 a3
31. b3 Be6 32. Re1 Qg5 33. h4 Qh5 34. Kh2 b5 35. Re3 Bd5 36. Qd4 Bh6 37. Re1
Bg5 38. Kg3 Be7 39. Rc1 Kh7 40. Re1 c5 41. Qg4 Qxg4+ 42. Kxg4 c4 {Salzmann,S 
(2156)-Wimmer,J (2264) LSS email 2011 0-1}) (13. e4 h6 14. Nxf7 Kxf7 15. e5 Ne4
16. Nxe4 dxe4 17. Bxe4 $44) 13... Bg7 {[%emt 0:01:15]} 14. b4 {[%emt 0:00:53]}
O-O {[%emt 0:01:11]} 15. Nf3 {[%emt 0:02:15]} Re8 {[%emt 0:03:40]} 16. h3 {
[%emt 0:02:05]} (16. Ne5) 16... Qd6 {[%emt 0:02:52]} 17. Rab1 {[%emt 0:00:50]}
Re7 {[%emt 0:04:09]} 18. Ne5 {[%emt 0:04:56][%csl Ge5]} Be6 {[%emt 0:04:30]}
19. Qf2 {[%emt 0:06:47]} Nd7 {[%emt 0:04:28]} 20. g4 {[%emt 0:02:26]} f6 {
[%emt 0:03:22]} 21. Nf3 {[%emt 0:01:11]} Rae8 {[%emt 0:00:58]} 22. Qg3 {
[%emt 0:05:40]} Bf7 {[%emt 0:01:02]} 23. Kf2 {[%emt 0:02:04]} a5 {[%emt 0:01:
48]} 24. a3 {[%emt 0:03:36]} b6 {[%emt 0:00:13]} 25. g5 {[%emt 0:01:03]} axb4 {
[%emt 0:01:37]} 26. axb4 {[%emt 0:00:00]} fxg5 {[%emt 0:03:19]} 27. Qxg5 {
[%emt 0:00:39]} c5 {[%emt 0:00:12]} 28. Nb5 {[%emt 0:02:51]} Qc6 {[%emt 0:00:
48]} 29. bxc5 {[%emt 0:00:02]} bxc5 {[%emt 0:00:13]} 30. Ne5 {[%emt 0:00:33]}
Nxe5 {[%emt 0:08:17]} 31. dxe5 {[%emt 0:00:01]} Bxe5 $1 {[%emt 0:00:19]} 32.
fxe5 {[%emt 0:00:04]} Rxe5 {[%emt 0:00:07]} 33. Qg3 {[%emt 0:02:23]} (33. Qf4
$5 d4 34. exd4 Rxe1 35. Rxe1 Rf8 $13 {[%csl Rf2,Rf4][%cal Gf8f2]}) 33... d4 {
[%emt 0:01:28]} 34. e4 {[%emt 0:00:48]} c4 {[%emt 0:14:52]} 35. Nxd4 {[%emt 0:
00:06]} Qf6+ {[%emt 0:03:08]} 36. Qf3 {[%emt 0:00:35]} Qh4+ {[%emt 0:00:23]}
37. Qg3 {[%emt 0:00:21]} Qxg3+ {[%emt 0:01:38]} 38. Kxg3 {[%emt 0:00:01]} cxd3
{[%emt 0:00:11]} 39. Rbd1 {[%emt 0:02:28]} Bc4 {[%emt 0:00:43]} 40. Kf4 {
[%emt 0:00:26]} g5+ {[%emt 0:01:09]} 41. Kf3 {[%emt 0:03:24]} Rxe4 $1 {[%emt 0:
04:25]} 42. Rxe4 {[%emt 0:01:21]} Bd5 {[%emt 0:00:06]} 43. Ke3 {[%emt 0:05:45]}
Rxe4+ {[%emt 0:08:37]} 44. Kxd3 {[%emt 0:01:14]} Rh4 {[%emt 0:00:06]} 45. Rc1 {
[%emt 0:05:36]} Rxh3+ {[%emt 0:00:12]} 46. Ke2 {[%emt 0:00:14]} Rh4 $19 {
[%emt 0:05:40]} 47. Nf5 {[%emt 0:03:42]} Re4+ {[%emt 0:03:26]} 48. Kd3 {
[%emt 0:02:13]} Re5 {[%emt 0:04:29]} 49. Ng3 {[%emt 0:00:25]} Bf7 {[%emt 0:01:
39]} 50. Kd4 {[%emt 0:04:02]} Ra5 {[%emt 0:03:02]} 51. Rc7 {[%emt 0:01:26]} Kg7
{[%emt 0:03:37]} 52. Rd7 {[%emt 0:02:35]} Ra3 {[%emt 0:01:57]} 53. Ne4 {
[%emt 0:00:52]} h6 {[%emt 0:00:24]} 54. Nd6 {[%emt 0:00:33]} Rf3 {[%emt 0:00:
15]} 55. Ke4 {[%emt 0:00:13]} Rf4+ {[%emt 0:00:09]} 56. Ke5 {[%emt 0:00:03]}
Kg6 {[%emt 0:00:13]} 57. Ne4 {[%emt 0:01:56]} Rf5+ {[%emt 0:00:27]} 58. Kd4 {
[%emt 0:00:00]} h5 {[%emt 0:01:08]} 59. Rd6+ {[%emt 0:00:38]} Kg7 {[%emt 0:00:
07]} 60. Ng3 {[%emt 0:00:57]} Rf3 {[%emt 0:01:22]} 61. Ne4 {[%emt 0:00:04]} g4
{[%emt 0:00:54]} 62. Ke5 {[%emt 0:00:48]} Bg6 {[%emt 0:00:45]} 63. Kd4 0-1

[Event "EU-ch 12th"]
[Site "Aix les Bains"]
[Date "2011.03.25"]
[Round "4"]
[White "Korobov, Anton"]
[Black "Esen, Baris"]
[Result "1-0"]
[WhiteElo "2647"]
[BlackElo "2528"]
[Annotator "Reeh,O"]
[PlyCount "46"]
[EventDate "2011.03.22"]
[EventType "swiss"]
[EventRounds "11"]
[EventCountry "FRA"]
[SourceTitle "CBM 142 Extra"]
[Source "ChessBase"]
[SourceDate "2011.06.27"]
[SourceVersion "1"]
[SourceVersionDate "2011.06.27"]
[SourceQuality "1"]

1. d4 d5 2. c4 c6 3. Nc3 Nf6 4. Nf3 e6 5. Bg5 Nbd7 6. e3 Qa5 7. cxd5 Nxd5 8.
Qd2 Bb4 9. Rc1 h6 10. Bh4 c5 11. Bd3 b6 12. O-O O-O 13. Bb1 cxd4 $6 ({Black
should have captured on c3: Schwarz hätte auf c3 nehmen sollen:} 13... Nxc3 14.
bxc3 Ba3) {[%tqu "En","Black has captured on d4. How should White react?",
"White wants to prevent Black from exchanging his Bb4 (which does not have
many squares!) for the Nc3.","","d2c2","The key move of the game!  The mate
threat on h7 enables White to exchange knight for knight in the centre,
whereupon Black's dark-squared bishop will remain a target for the rest of the
game.",20,"De","Schwarz hat auf d4 geschlagen. Wie soll Weiß reagieren?","Weiß
möchte verhindern, dass Schwarz seinen Bb4 (der nicht viele Felder hat!) für
den Nc3 tauscht.","","d2c2","The mate threat on h7 enables White to exchange
knight for knight in the centre, whereupon Black's dark-squared bishop will
remain a target for the rest of the game.",20]} 14. Qc2 $1 {The mate threat on
h7 enables White to exchange knight for knight in the centre, whereupon
Black's dark-squared bishop will remain a target for the rest of the game. Die
Mattdrohung auf h7 ermöglicht Weiß, im Zentrum Springer gegen Springer zu
tauschen, wonach der schwarzfeldrige Läufer des Gegners bis zum Ende der
Partie eine Zielscheibe bleiben wird.} g6 ({Hardly better is Kaum besser ist} 
14... N5f6 {(14...N7f6 15.Nxd5 +-)} 15. Bxf6 $1 (15. Ne4 g5) 15... Nxf6 {
[%tqu "En","How does White keep the initiative?","","","c3e4","Again avoiding
the exchange of the black Bb4 for the knight.",10,"De","Wie behauptet Weiß die
Initiative?","","","c3e4","Vermeidet erneut den Abtausch des schwarzen Bb4 für
den Springer.",10]} 16. Ne4 $1 {Again avoiding the exchange of the black Bb4
for the knight. Vermeidet erneut den Abtausch des schwarzen Bb4 für den
Springer.} Nd5 (16... Nxe4 17. Qxe4 {with the double threat 18.Qh7++/Qxa8. mit
der Doppeldrohung 18.Qh7++/Qxa8.}) 17. Nxd4 {with the threats 18.Nc6 or 18.a3
and a clear plus. mit den Drohungen 18.Nc6 bzw. 18.a3 und klarem Plus.}) ({
Relatively best, though also unappealing, was Relativ am besten, wenngleich
ebenfalls unappetitlich war} 14... f5) 15. Nxd5 Qxd5 (15... exd5 {loses
material on the spot: verliert auf der Stelle Material:} 16. a3 Bd6 17. Qc6 $1)
16. Rfd1 $1 Bc5 ({Or Oder} 16... e5 17. a3 Bd6 18. exd4 {and White's fully
mobilised forces in the centre decide the issue. und die voll mobilisierten
weißen Kräfe im Zentrum machen die Sache klar.}) {[%tqu "En","","","","b2b4",
"",10]} 17. b4 $1 {Enabling the Rd1 to take on d4 with tempo, making it a
dangerous attacking weapon... on both wings! Ermöglicht dem Rd1, mit Tempo auf
d4 zu schlagen, und macht ihn damit zu einer gefährlichen Angriffswaffe... auf
beiden Flügeln!} Bxb4 18. Rxd4 {Attacking both queen and bishop. Greift Dame
und Läufer an.} Qa5 {[%tqu "En","White has chased the black queen to a5. How
would you continue?","Two good options - a queen and a rook move!","","d4g4",
"With the inevitable threat 20.Rxg6+!",20,"c2e4","hitting b4/a8 was also
strong, though after 19...Nc5 White still has to find one killer move - which
one?",20,"De","Weiß hat die schwarze Dame nach a5 getrieben. Wie würden Sie
fortsetzen?","Zwei gute Möglichkeiten - ein Damen- oder ein Turmzug!","",
"d4g4","Mit der unparierbaren Drohung 20.Rxg6+!",20,"c2e4","mit Blickrichtung
b4/a8 ist ebenfalls stark, allerdings muss Weiß nach 19...Nc5 noch einen
Killerzug finden - welchen?",20]} 19. Rg4 $1 {With the threat 20.Rxg6+ - and
it can't be parried! Mit der Drohung 20.Rxg6+ - und die ist unparierbar!} (19.
Qe4 $1 {hitting b4/a8 was also strong, though after mit Blickrichtung b4/a8
war ebenfalls stark, allerdings muss Weiß nach} Nc5 {White still has to avoid
one trap: noch eine Falle vermeiden:} {[%tqu "En","White to play and win.","",
"","e4f4","Keeping the black Bb4 under fire and threatening 21.Qxh6 with a
mating attack - game over!",15,"e4a8","Loses the queen after 20...Bb7!",0,"De",
"Weiß zieht und gewinnt.","","","e4f4","Hält den schwarzen Bb4 unter Beschuss
und droht 21.Qxh6 mit Mattangriff - game over!",15,"e4a8","Verliert die Dame
nach 20...Bb7!",0]} 20. Qf4 $1 ({not the greedy nicht das gierige} 20. Qxa8 $2
Bb7 {and the queen goes. und die Dame fällt.}) {and wins since after und
gewinnt, denn nach} 20... Ba3 {follows folgt} 21. Qxh6 {with rapid mate. mit
schnellem Matt.}) 19... f5 (19... Re8 {does not prevent the strike on g6:
verhindert den Einschlag auf g6 nicht:} 20. Rxg6+ fxg6 21. Qxg6+ Kf8 22. Qxh6+
Kg8 23. Qh7+ Kf8 24. Bg6 {and mate. und Matt.}) 20. Rxg6+ Kh7 ({After Nach} 
20... Kf7 {White could have finished the game with hätte Weiß die Partie
vollenden können mit} 21. Rxe6 $1 Kxe6 22. Qc4+ Qd5 (22... Kd6 23. Qc6#) 23.
Nd4+ Kd6 24. Qc7#) 21. Rxe6 Bb7 22. Qc7 Qd5 23. Re5 Qc5 1-0